Deutschland nach Buchstabe - N - Statistiken

Allgemein
  • Dieses Quiz wurde 92 mal gespielt
  • Das Durchschnittsergebnis liegt bei 13 aus 20
Antwortstatistiken
Hinweis Antwort % Korrekt
Deutschland grenzt im Nordwesten an dieses Meer Nordsee
99%
Fluss, der über Stuttgart nach Mannheim in den Rhein fließt Neckar
98%
Bundesland im Nordwesten Deutschlands Niedersachsen
96%
Diese faschistische Partei regierte Deutschland von 1933 bis 1945 NSDAP
96%
Frankenmetropole, Heimat von Dürer und dem Elisenlebkuchen Nürnberg
96%
Von Ludwig II von Bayern geplantes Märchenschloss in den Alpen Neuschwanstein
89%
Diese Land in Südwest-Afrika wurde von Deutschland kolonisiert Namibia
88%
Häufiger Stadtname (z.B. an der Weinstraße, am Rübenberge, in Holstein) Neustadt
83%
Großstadt mit großem Rheinhafen gegenüber von Düsseldorf Neuss
81%
Grenzfluss zu Polen, der durch die Lausitz fließt Neisse
76%
Ostfriesische Insel zwischen Baltrum und Juist Norderney
70%
Viertorestadt am Tollensesee in der Mecklenburgischen Seenplatte Neubrandenburg
60%
Fluss, der in Bingen in den Rhein fließt mit Weinbaugebiet Nahe
52%
Sachsen-Anhaltische Saale-Stadt im Burgenlandkreis mit bekannten Romanischen Dom Naumburg
51%
Bezeichnung für die Armee der DDR NVA
40%
Flachland-Region um Moers, Kleve und Wesel Niederrhein
39%
Thüringische Stadt im Harz mit bekannter Kornbrennerei Nordhausen
38%
Ehemaliges Herzogtum in Rheinland-Pfalz und Hessen in Westerwald und Rheinhessen mit Hauptstadt Wiesbaden Nassau
33%
Fontanestadt in Brandenburg nördlich von Berlin Neuruppin
26%
Fluss aus dem Vogelsberg, der im Westen von Frankfurt in den Main mündet Nidda
25%
Keine übereinstimmenden Quizze gefunden
Verteilung der Resultate
Anzahl Personen mit jedem Resultat
Perzentil nach korrekt beantworteten Fragen
Ihre Resultats-Entwicklung
Sie haben dieses Quiz noch nicht gespielt